[Event "SVK-chT5 A22 2223"]
[Site "Slovakia"]
[Date "2023.02.04"]
[Round "6.3"]
[White "Orban, Peter"]
[Black "Motyckova, Monika"]
[Result "0-1"]
[WhiteElo "1558"]
[BlackElo "1307"]
[PlyCount "110"]
[EventDate "2022.10.15"]
[EventType "team-tourn"]
[EventRounds "9"]
[EventCountry "SVK"]
[SourceTitle "EXT 2024"]
[Source "ChessBase"]
[SourceDate "2023.10.10"]
[SourceVersion "1"]
[SourceVersionDate "2023.10.10"]
[SourceQuality "1"]
[WhiteTeam "Topolniky Vrakun II"]
[BlackTeam "Hlohovec III"]
[WhiteTeamCountry "SVK"]
[BlackTeamCountry "SVK"]

1. d4 d5 2. c4 e6 3. Nf3 Nc6 4. Nc3 Nf6 5. Bf4 a6 6. e3 Be7 7. h3 0-0 8. Bd3 h6 9. Qc2 Nb4 10. Qe2 Nxd3+ 11. Qxd3 c5 12. 0-0 b6 13. b3 Bb7 14. Nd2 Rc8 15. g4 Nh7 16. Bg3 Bf6 17. Ne2 Ng5 18. h4 dxc4 19. bxc4 Nf3+ 20. Nxf3 Bxf3 21. Nf4 Bxh4 22. e4 Bxg4 23. d5 exd5 24. Qxd5 Bf6 25. Rab1 Bd4 26. Qxd8 Rfxd8 27. Rxb6 a5 28. Kg2 Re8 29. f3 Be6 30. Nxe6 Rxe6 31. Rxe6 fxe6 32. Rb1 Ra8 33. a4 Kf7 34. Rb7+ Kg6 35. Kh3 Ra6 36. Be1 e5 37. Rb5 Rf6 38. Kg2 Kh5 39. Rxa5 Rg6+ 40. Bg3 Kg5 41. Ra7 h5 42. Kh3 Kh6 43. Re7 Rf6 44. Kg2 Rg6 45. Rf7 h4 46. a5 Rxg3+ 47. Kh2 Rg6 48. Kh3 Bf2 49. Rf5 Bg3 50. Rf8 Ra6 51. Kg4 Rxa5 52. Kf5 Kh7 53. Kg4 Ra4 54. Rf5 Rxc4 55. Rh5+ Kg8 0-1